000 00224nam a2200097Ia 4500
005 20251222114349.0
008 251222s1900||||xx |||||||||||||| ||spa||
082 _aDVD0080/G95/1999
245 0 _aEl mundo de SofĂ­a.
942 _cDVD
999 _c1179
_d1179